Teoría y política del desarrollo económico /

محفوظ في:
التفاصيل البيبلوغرافية
المؤلف الرئيسي: Furtado, Celso
مؤلفون آخرون: Oliviera, Francisco Martí, Soler trad
التنسيق: نص
منشور في: México D.F.: Siglo XXI
الطبعة:6
الوسوم: إضافة وسم
لا توجد وسوم, كن أول من يضع وسما على هذه التسجيلة!

MARC

LEADER 00000 a a2200000 04500
001 22198
003
040
090 |a 150500  
100 |a Furtado, Celso  
245 |a Teoría y política del desarrollo económico /  |c Celso Furtado 
250 |a 6  
260 |a México D.F.:   |b Siglo XXI  
300 |a 301 p   |b il.  
700 |a Oliviera, Francisco   |a Martí, Soler   |a trad  
999 |c 16774  |d 16774